Southville International School and Colleges
Your cart is empty.
  • Cart
  • Lists
    Public lists Eva Luna New books Lux_list list_1
    Your lists Log in to create your own lists
  • Log in to your account
  • Your cookies
  • Search history
Southville International School and Colleges
  • Advanced search
  • Recent comments
  • Most popular
  • Libraries

Log in to your account

Log in with GOOGLE


If you do not have an external account, but do have a local account, you can still log in:

  1. Home
  2. MARC view: Frommer's Beijing /
Normal view MARC view ISBD view

Frommer's Beijing / (Record no. 345007)

[ view plain ]
MARC details
000 -LEADER
fixed length control field 00688nam a2200289Ia 4500
008 - FIXED-LENGTH DATA ELEMENTS--GENERAL INFORMATION
fixed length control field 171120s9999 xx 000 0 und d
020 ## - INTERNATIONAL STANDARD BOOK NUMBER
International Standard Book Number 9.7804705257e+012
050 ## - LIBRARY OF CONGRESS CALL NUMBER
Classification number 951
050 ## - LIBRARY OF CONGRESS CALL NUMBER
Item number L735 2010
100 ## - MAIN ENTRY--PERSONAL NAME
Personal name Lin-Liu, Jen
245 ## - TITLE STATEMENT
Title Frommer's Beijing /
245 ## - TITLE STATEMENT
Statement of responsibility, etc by Jen Lin-Liu and Sherisse Pham.
250 ## - EDITION STATEMENT
Edition statement Sixth edition
260 ## - PUBLICATION, DISTRIBUTION, ETC. (IMPRINT)
Name of publisher, distributor, etc Wiley,
260 ## - PUBLICATION, DISTRIBUTION, ETC. (IMPRINT)
Date of publication, distribution, etc 2010
300 ## - PHYSICAL DESCRIPTION
Extent 248 pages :
300 ## - PHYSICAL DESCRIPTION
Other physical details illustrations ;
300 ## - PHYSICAL DESCRIPTION
Dimensions 20cm.
500 ## - GENERAL NOTE
General note Includes index.
650 ## - SUBJECT ADDED ENTRY--TOPICAL TERM
Topical term or geographic name as entry element Beijing(China) --
650 ## - SUBJECT ADDED ENTRY--TOPICAL TERM
Topical term or geographic name as entry element China --
650 ## - SUBJECT ADDED ENTRY--TOPICAL TERM
Topical term or geographic name as entry element China.
650 ## - SUBJECT ADDED ENTRY--TOPICAL TERM
General subdivision Guidebooks.
650 ## - SUBJECT ADDED ENTRY--TOPICAL TERM
General subdivision Guidebooks.
700 ## - ADDED ENTRY--PERSONAL NAME
Personal name Pham, Sherisse.
700 ## - ADDED ENTRY--PERSONAL NAME
Personal name Title.
Holdings
Withdrawn status Lost status Damaged status Home library Current library Date acquired Total Checkouts Full call number Barcode Date last seen Price effective from Koha item type
      Stonyhurst Southville International School (Malarayat) Stonyhurst Southville International School (Malarayat) 11/20/2017   REF 951 L735 2010 SSISM4051 11/20/2017 11/20/2017 Books

Frommer's Beijing /

APA

Lin-Liu J., Pham S. & Title.Frommer's Beijing. : Wiley.

Chicago

Lin-Liu Jen, Pham Sherisse and Title.Frommer's Beijing. : Wiley.

Harvard

Lin-Liu J., Pham S. and Title.Frommer's Beijing. : Wiley.

MLA

Lin-Liu Jen, Pham Sherisse and Title.: Wiley. .

  • Place hold
  • Print
  • Cite
  • Add to your cart (remove)
  • Save record
    BIBTEX Dublin Core MARCXML MARC (non-Unicode/MARC-8) MARC (Unicode/UTF-8) MARC (Unicode/UTF-8, Standard) MODS (XML) RIS
  • More searches
    Search for this title in:
    Other Libraries (WorldCat) Other Databases (Google Scholar) Online Stores (Bookfinder.com) Open Library (openlibrary.org)

Exporting to Dublin Core...

SOUTHVILLE LIBRARY

Southville International School and Colleges Library

1281 Tropical Ave. Cor. Luxembourg St., BF Homes International, Las Pinas City

Tel. No. 8256374 / 252358 Loc. 117/146

Powered by Koha